Краевые задачи математической теории теплопроводности в приложении к расчетам температурных полей в нефтяных пластах при заводнении

Bibliographic Details
Main Author: Пудовкин М. А. Максим Александрович
Other Authors: Волков И. К. Игорь Куприянович
Language:Russian
Published: Казань, Изд-во Казанского ун-та, 1978
Subjects:
Format: Book
KOHA link:https://koha.lib.tpu.ru/cgi-bin/koha/opac-detail.pl?biblionumber=256544

MARC

LEADER 00000nam0a2200000 4500
001 256544
005 20231101233126.0
035 |a (RuTPU)RU\TPU\book\279253 
090 |a 256544 
100 |a 20140409d1978 k y0rusy50 ca 
101 0 |a rus 
102 |a RU 
105 |a a z 001zy 
200 1 |a Краевые задачи математической теории теплопроводности в приложении к расчетам температурных полей в нефтяных пластах при заводнении  |f М. А. Пудовкин, И. К. Волков 
210 |a Казань  |c Изд-во Казанского ун-та  |d 1978 
215 |a 188 с.  |c ил. 
320 |a Библиогр.: с.178-186. 
606 1 |a Нефтяные скважины  |x Заводнение  |2 stltpush  |3 (RuTPU)RU\TPU\subj\46091  |9 65276 
610 1 |a теплопроводность 
610 1 |a температурные поля 
610 1 |a математические методы 
610 1 |a краевые задачи 
675 |a 622.276.43  |v 3 
700 1 |a Пудовкин  |b М. А.  |g Максим Александрович 
701 1 |a Волков  |b И. К.  |g Игорь Куприянович 
801 1 |a RU  |b 63413507  |c 20140409 
801 2 |a RU  |b 63413507  |c 20200812  |g RCR 
942 |c BK